[Event "20th NATO Chess Ch"]
[Site "Hammelburg"]
[Date "2009.06.16"]
[Round "2.34"]
[White "Barta, Csaba"]
[Black "Nielsen, Jan Mose"]
[Result "0-1"]
[WhiteElo "1903"]
[BlackElo "2099"]
[PlyCount "86"]
[EventDate "2009.06.??"]
[EventType "swiss"]
[EventRounds "7"]
[EventCountry "GER"]
[SourceDate "2000.01.03"]

1. d4 Nf6 2. Nf3 d5 3. e3 c6 4. c4 e6 5. a3 Nbd7 6. Nc3 Bd6 7. Bd3 h6 8. cxd5
exd5 9. b4 a6 10. h3 O-O 11. O-O Re8 12. Qc2 Nf8 13. Rb1 Bd7 14. Re1 Qc8 15. h4
Ng6 16. e4 dxe4 17. Nxe4 Nxe4 18. Rxe4 f5 19. Rxe8+ Qxe8 20. Bd2 Qf8 21. Re1
Qf6 22. Qc4+ Kh8 23. d5 Ne5 24. Nxe5 Bxe5 25. g3 Re8 26. Bf1 cxd5 27. Qxd5 Bc6
28. Qc4 Rd8 29. Bf4 Bc3 30. Rb1 b5 31. Qc5 Bd4 32. Qc1 Be4 33. Rb3 Qe6 34. Re3
Bxe3 35. Bxe3 Qb3 36. Be2 Qd5 37. Bxh6 gxh6 38. Qxh6+ Kg8 39. Qg6+ Kf8 40. Qh6+
Ke7 41. Qg7+ Kd6 42. Qf6+ Kc7 43. f4 Qd4+ 0-1

[Event "20th NATO Chess Ch"]
[Site "Hammelburg"]
[Date "2009.06.16"]
[Round "2.35"]
[White "Kilic, Mehmet"]
[Black "Van Dusen, Eric"]
[Result "1-0"]
[WhiteElo "2096"]
[BlackElo "1881"]
[PlyCount "73"]
[EventDate "2009.06.??"]
[EventType "swiss"]
[EventRounds "7"]
[EventCountry "GER"]
[SourceDate "2000.01.03"]

1. e4 g6 2. d4 Bg7 3. c4 d6 4. Nc3 a6 5. Be2 c6 6. Nf3 Bg4 7. h3 Bxf3 8. Bxf3
Nd7 9. O-O Ngf6 10. Bg5 h6 11. Be3 O-O 12. Qd2 Kh7 13. g3 e5 14. Bg2 Qc7 15. f4
Rad8 16. Rf2 exf4 17. gxf4 Nb6 18. b3 d5 19. e5 Nh5 20. c5 Nc8 21. Ne2 Ne7 22.
Bf3 Nf5 23. Bxh5 Nxe3 24. Qxe3 gxh5 25. Rg2 Rg8 26. Kh2 f6 27. Rag1 fxe5 28.
fxe5 Rde8 29. Nf4 Bxe5 30. dxe5 Rxg2+ 31. Rxg2 Rxe5 32. Qd3+ Re4 33. Rf2 Qe5
34. Qg3 Re3 35. Qg6+ Kh8 36. Qxh6+ Kg8 37. Rg2+ 1-0

[Event "20th NATO Chess Ch"]
[Site "Hammelburg"]
[Date "2009.06.16"]
[Round "2.36"]
[White "Le Fevre, Stephen"]
[Black "Cheung, Jan"]
[Result "1/2-1/2"]
[WhiteElo "1864"]
[BlackElo "2080"]
[PlyCount "58"]
[EventDate "2009.06.??"]
[EventType "swiss"]
[EventRounds "7"]
[EventCountry "GER"]
[SourceDate "2000.01.03"]

1. d4 Nf6 2. c4 e6 3. Nc3 Bb4 4. Qc2 O-O 5. Bg5 d5 6. e3 Nbd7 7. cxd5 exd5 8.
Bd3 Be7 9. Nf3 c6 10. O-O Re8 11. h3 Nf8 12. Ne5 g6 13. f4 Ne6 14. Bh4 Ng7 15.
g4 Ne4 16. Bxe7 Qxe7 17. Nxe4 dxe4 18. Bc4 Be6 19. Bxe6 Qxe6 20. Qc4 Qxc4 21.
Nxc4 f6 22. Rf2 Rad8 23. b4 Rd5 24. Rc2 Re7 25. Rac1 Ne8 26. Na5 Kf7 27. Kf2
Nd6 28. a4 Ke6 29. Nb3 a6 1/2-1/2

[Event "20th NATO Chess Ch"]
[Site "Hammelburg"]
[Date "2009.06.16"]
[Round "2.37"]
[White "Wagenaar, Harm Theo"]
[Black "Cappon, Kaan"]
[Result "1-0"]
[WhiteElo "2070"]
[BlackElo "1877"]
[PlyCount "81"]
[EventDate "2009.06.??"]
[EventType "swiss"]
[EventRounds "7"]
[EventCountry "GER"]
[SourceDate "2000.01.03"]

1. d4 Nf6 2. Nf3 g6 3. c3 Bg7 4. Bg5 d5 5. Nbd2 Nbd7 6. e3 O-O 7. b4 c6 8. Be2
b6 9. O-O Bb7 10. Qb3 b5 11. a4 a6 12. a5 Qe8 13. Qc2 e5 14. Nb3 e4 15. Nfd2
Qe6 16. Rae1 Ne8 17. f3 f6 18. Bf4 g5 19. Bg3 f5 20. fxe4 fxe4 21. Qd1 Rxf1+
22. Nxf1 Nef6 23. h3 Rf8 24. Nh2 Bc8 25. Ng4 Ne8 26. Rf1 Rxf1+ 27. Qxf1 Nf8 28.
Be5 Ng6 29. Bxg7 Kxg7 30. Nc5 Qe7 31. Qf2 Qd6 32. Nh2 Nf6 33. Nf1 Ne7 34. Nb3
Ng6 35. Ng3 Nh4 36. Nc5 Nd7 37. Nh5+ Kg6 38. Nb3 Nb8 39. Ng3 Nf5 40. Bh5+ Kf6
41. Nxf5 1-0

[Event "20th NATO Chess Ch"]
[Site "Hammelburg"]
[Date "2009.06.16"]
[Round "2.38"]
[White "Ivoskaite, Diana"]
[Black "Harwood, Duncan"]
[Result "1-0"]
[WhiteElo "2056"]
[BlackElo "1800"]
[PlyCount "72"]
[EventDate "2009.06.??"]
[EventType "swiss"]
[EventRounds "7"]
[EventCountry "GER"]
[SourceDate "2000.01.03"]

1. Nf3 Nf6 2. c4 g6 3. Nc3 Bg7 4. e4 d6 5. d4 O-O 6. Be2 e5 7. O-O Nc6 8. d5
Ne7 9. b4 Nh5 10. Nd2 Nf4 11. c5 f5 12. Bf3 g5 13. exf5 Nxf5 14. cxd6 Nxd6 15.
Nde4 Bf5 16. Bxf4 exf4 17. Rc1 Nxe4 18. Bxe4 Bxc3 19. Bxf5 Rxf5 20. Rxc3 Rxd5
21. Qb3 c6 22. b5 Qd7 23. h3 Rd8 24. bxc6 bxc6 25. Rfc1 Rc8 26. Rc5 Kg7 27.
Qxd5 cxd5 28. Rxc8 Qa4 29. R1c6 Qa5 30. R8c7+ Kg8 31. Rb7 Qe1+ 32. Kh2 Qe8 33.
Rcc7 h6 34. Rg7+ Kf8 35. Rh7 Kg8 36. Rbg7+ Kf8 1-0

[Event "20th NATO Chess Ch"]
[Site "Hammelburg"]
[Date "2009.06.16"]
[Round "2.39"]
[White "Ulusoy, Mustafa"]
[Black "Mottais, Francois"]
[Result "0-1"]
[WhiteElo "1737"]
[BlackElo "2054"]
[PlyCount "94"]
[EventDate "2009.06.??"]
[EventType "swiss"]
[EventRounds "7"]
[EventCountry "GER"]
[SourceDate "2000.01.03"]

1. d4 d5 2. c4 Nc6 3. Nf3 e5 4. cxd5 Qxd5 5. Nc3 Bb4 6. e3 Bg4 7. Be2 exd4 8.
exd4 Bxf3 9. Bxf3 Qc4 10. Bxc6+ bxc6 11. Qe2+ Qxe2+ 12. Kxe2 O-O-O 13. Be3 Ne7
14. Rhd1 Rhe8 15. a3 Ba5 16. Kf1 Nf5 17. Rd3 c5 18. Nb5 c4 19. Rdd1 a6 20. Nc3
Bxc3 21. bxc3 Nxe3+ 22. fxe3 Rxe3 23. Rac1 Kb7 24. Rd2 Rd6 25. Kf2 Rde6 26.
Rb2+ Kc6 27. Rb4 Kd5 28. Rb7 Re2+ 29. Kf1 Ra2 30. Rxc7 Rf6+ 31. Kg1 Rff2 32.
Rc5+ Ke4 33. Rg5 g6 34. Re1+ Kf4 35. Rg3 h5 36. Rf1 Rxf1+ 37. Kxf1 Rxa3 38.
Rf3+ Ke4 39. Rxf7 Rxc3 40. Rf6 Kxd4 41. Rxa6 Rd3 42. Rxg6 c3 43. Rd6+ Ke3 44.
Re6+ Kd2 45. Re2+ Kc1 46. Ra2 Rd1+ 47. Ke2 Rd2+ 0-1

[Event "20th NATO Chess Ch"]
[Site "Hammelburg"]
[Date "2009.06.16"]
[Round "2.40"]
[White "Pedersen, Lars Erik"]
[Black "Kacevicius, Dangiras"]
[Result "1-0"]
[WhiteElo "2049"]
[BlackElo "1730"]
[PlyCount "119"]
[EventDate "2009.06.??"]
[EventType "swiss"]
[EventRounds "7"]
[EventCountry "GER"]
[SourceDate "2000.01.03"]

1. d4 e6 2. Nf3 Nf6 3. e3 b6 4. Bd3 d5 5. b3 Be7 6. O-O h6 7. Bb2 Na6 8. a3 Bb7
9. Ne5 Nb8 10. Nd2 Bd6 11. f4 c5 12. Qf3 a6 13. Qg3 Rg8 14. f5 Qe7 15. fxe6
Qxe6 16. Bf5 Qe7 17. Qh3 Bc6 18. Rae1 Bb5 19. c4 dxc4 20. bxc4 Bd7 21. Qf3 Ra7
22. Bxd7+ Nfxd7 23. Nxf7 Rf8 24. Nxd6+ Qxd6 25. Qe4+ Kd8 26. Rxf8+ Nxf8 27. Rf1
Nbd7 28. d5 Nf6 29. Qh4 Rf7 30. Ne4 Qd7 31. Nxf6 Qe7 32. Qg3 gxf6 33. Qb8+ Kd7
34. Qb7+ Ke8 35. Qc8+ Qd8 36. Qxd8+ Kxd8 37. Rxf6 Rxf6 38. Bxf6+ Ke8 39. Kf2 h5
40. Kf3 b5 41. cxb5 axb5 42. Ke4 Nd7 43. Bb2 Nb6 44. Bc1 Kd7 45. Ke5 Nc4+ 46.
Kf5 Kd6 47. g4 hxg4 48. Kxg4 Kxd5 49. h4 b4 50. axb4 cxb4 51. Kf5 b3 52. e4+
Kd6 53. Kf6 b2 54. Bxb2 Nxb2 55. h5 Nc4 56. h6 Ne5 57. h7 Nd7+ 58. Kg7 Ke6 59.
h8=Q Nf6 60. Qh6 1-0

[Event "20th NATO Chess Ch"]
[Site "Hammelburg"]
[Date "2009.06.16"]
[Round "2.41"]
[White "Hunter, Terry"]
[Black "Demjen, Attila"]
[Result "1/2-1/2"]
[WhiteElo "1692"]
[BlackElo "2046"]
[PlyCount "77"]
[EventDate "2009.06.??"]
[EventType "swiss"]
[EventRounds "7"]
[EventCountry "GER"]
[SourceDate "2000.01.03"]

1. e4 c6 2. d4 d5 3. e5 Bf5 4. Bd3 Bxd3 5. Qxd3 e6 6. Ne2 Nd7 7. O-O Rc8 8. Be3
Ne7 9. Ng3 c5 10. c3 Nc6 11. Nd2 Be7 12. f4 cxd4 13. cxd4 Nb4 14. Qb3 Nc2 15.
Rac1 Nxe3 16. Qxe3 O-O 17. Nf3 Nb6 18. Rxc8 Qxc8 19. Rc1 Qd7 20. b3 Rc8 21. Ne2
Ba3 22. Rxc8+ Qxc8 23. Qc3 f6 24. Qxc8+ Nxc8 25. Ne1 Ne7 26. Nd3 Nc6 27. Kf2
Kf7 28. h4 Nb4 29. Nxb4 Bxb4 30. h5 g6 31. hxg6+ Kxg6 32. exf6 Kxf6 33. g4 Kg6
34. Ke3 h5 35. f5+ exf5 36. gxh5+ Kxh5 37. Nf4+ Kg4 38. Nxd5 Bd6 39. Nf6+
1/2-1/2

[Event "20th NATO Chess Ch"]
[Site "Hammelburg"]
[Date "2009.06.16"]
[Round "2.42"]
[White "Stuhr, Finn"]
[Black "Nilsen, Terje"]
[Result "0-1"]
[WhiteElo "1665"]
[BlackElo "2022"]
[PlyCount "110"]
[EventDate "2009.06.??"]
[EventType "swiss"]
[EventRounds "7"]
[EventCountry "GER"]
[SourceDate "2000.01.03"]

1. e4 g6 2. d4 Bg7 3. Nf3 d6 4. b3 Nf6 5. Nbd2 O-O 6. Bb2 Nbd7 7. Bd3 Nh5 8. g3
c5 9. Qe2 a6 10. Qe3 b5 11. Rb1 Nhf6 12. c4 cxd4 13. Nxd4 bxc4 14. Bxc4 Bb7 15.
O-O Nc5 16. f3 Re8 17. Ne2 Rc8 18. Nc3 e6 19. b4 Ncd7 20. Qd3 Ne5 21. Qe2 Nxc4
22. Nxc4 d5 23. Rbd1 Rxc4 24. a3 Qc7 25. Rc1 Rc8 26. Qd2 Qb6+ 27. Kg2 dxe4 28.
Na4 exf3+ 29. Kh3 Qc6 30. Nc5 Qd5 31. Qxd5 Bxd5 32. Rxc4 Bxc4 33. Rxf3 Ne4 34.
Rf4 Ng5+ 35. Kh4 Bxb2 36. Rxc4 Nf3+ 37. Kh3 Ne5 38. Re4 f5 39. Re2 Bd4 40. Nxe6
Bc3 41. Rc2 Rc4 42. Nc5 Bd4 43. Re2 Nf3 44. Kg2 Bxc5 45. Kxf3 Bf8 46. Re3 Kf7
47. h4 h6 48. Ke2 f4 49. Rf3 g5 50. Kd3 Rc1 51. hxg5 hxg5 52. gxf4 g4 53. Rg3
Bg7 54. Kd2 Rc3 55. Rxc3 Bxc3+ 0-1

[Event "20th NATO Chess Ch"]
[Site "Hammelburg"]
[Date "2009.06.16"]
[Round "2.43"]
[White "Barquin, Benjamin"]
[Black "Vercauteren, Daniel"]
[Result "1/2-1/2"]
[WhiteElo "2019"]
[BlackElo "1686"]
[PlyCount "58"]
[EventDate "2009.06.??"]
[EventType "swiss"]
[EventRounds "7"]
[EventCountry "GER"]
[SourceDate "2000.01.03"]

1. d4 Nf6 2. c4 e6 3. Nf3 b6 4. e3 Bb7 5. a3 d5 6. Nc3 Nbd7 7. Bd3 dxc4 8. Bxc4
c5 9. O-O Be7 10. Qe2 O-O 11. Rd1 cxd4 12. exd4 Nd5 13. Nxd5 Bxd5 14. Bd3 Nf6
15. Bf4 Bxf3 16. Qxf3 Qd5 17. Qh3 Qh5 18. Qg3 Qg4 19. Qxg4 Nxg4 20. Be4 Rac8
21. d5 exd5 22. Bxd5 Rc2 23. b4 Nxf2 24. Rf1 Bf6 25. Rac1 Rxc1 26. Rxc1 Nd3 27.
Rc4 Nxf4 28. Rxf4 Rd8 29. Bc4 Rd4 1/2-1/2

[Event "20th NATO Chess Ch"]
[Site "Hammelburg"]
[Date "2009.06.16"]
[Round "2.44"]
[White "Bellemare, Régis"]
[Black "Nielsen, Henrik"]
[Result "0-1"]
[WhiteElo "1634"]
[BlackElo "2011"]
[PlyCount "36"]
[EventDate "2009.06.??"]
[EventType "swiss"]
[EventRounds "7"]
[EventCountry "GER"]
[SourceDate "2000.01.03"]

1. e4 e6 2. d3 c5 3. Nc3 Nc6 4. g3 d5 5. exd5 exd5 6. Bg2 d4 7. Bxc6+ bxc6 8.
Ne4 Be7 9. c4 Nf6 10. Nxf6+ Bxf6 11. Qe2+ Be6 12. Bd2 O-O 13. O-O-O Re8 14. Qf3
Qc8 15. Qg2 Qa6 16. Kb1 Rab8 17. Ne2 Qa3 18. b3 Rxb3+ 0-1

[Event "20th NATO Chess Ch"]
[Site "Hammelburg"]
[Date "2009.06.16"]
[Round "2.45"]
[White "Murray, Brian"]
[Black "Geroly, Jozsef"]
[Result "1-0"]
[WhiteElo "1571"]
[BlackElo "1978"]
[PlyCount "87"]
[EventDate "2009.06.??"]
[EventType "swiss"]
[EventRounds "7"]
[EventCountry "GER"]
[SourceDate "2000.01.03"]

1. e4 g6 2. d4 Bg7 3. Nf3 d6 4. Nc3 a6 5. Bd3 b5 6. Bf4 Nd7 7. O-O Bb7 8. a4 b4
9. Nd5 Bxd5 10. exd5 Ngf6 11. Bc4 Nb6 12. Bb3 Nbxd5 13. Qd2 Nxf4 14. Qxf4 O-O
15. c3 c5 16. Rad1 Qb6 17. Ng5 bxc3 18. Bxf7+ Rxf7 19. Nxf7 Kxf7 20. bxc3 cxd4
21. Rb1 Qc7 22. cxd4 Kg8 23. Rfc1 Qd7 24. Qf3 Rc8 25. Qb3+ d5 26. Re1 Rc6 27.
g3 Kf7 28. a5 Ne8 29. Qb7 Rc7 30. Qxa6 Bxd4 31. Qd3 e5 32. Rb5 Nf6 33. a6 e4
34. Qb3 Qf5 35. Rf1 Qh3 36. Rb7 Ke6 37. Rxc7 Ng4 38. Rc6+ Kf5 39. Qxd5+ Be5 40.
Qe6+ Kg5 41. Qe7+ Bf6 42. Rc5+ Kh6 43. Qf8+ Bg7 44. Qf4+ 1-0

[Event "20th NATO Chess Ch"]
[Site "Hammelburg"]
[Date "2009.06.16"]
[Round "2.46"]
[White "Steffers, Hendrik"]
[Black "Denner, Philip"]
[Result "1-0"]
[WhiteElo "1977"]
[BlackElo "1648"]
[PlyCount "97"]
[EventDate "2009.06.??"]
[EventType "swiss"]
[EventRounds "7"]
[EventCountry "GER"]
[SourceDate "2000.01.03"]

1. d4 d5 2. Nf3 Nf6 3. e3 e6 4. Bd3 Bd6 5. Nbd2 Nbd7 6. O-O O-O 7. e4 e5 8.
exd5 exd4 9. Nc4 Nc5 10. Bg5 Bg4 11. Be2 Nce4 12. Bh4 Bc5 13. Nce5 Bh5 14. Nd3
Bb6 15. Nf4 Bxf3 16. gxf3 g5 17. fxe4 gxh4 18. Bd3 Kh8 19. Qf3 Rg8+ 20. Kh1 Ng4
21. Rg1 Ne5 22. Qh5 Qf6 23. Nh3 Qf3+ 24. Qxf3 Nxf3 25. Rxg8+ Rxg8 26. a4 Bc5
27. Be2 Ne5 28. f3 Bd6 29. Nf2 Ng6 30. Ng4 Ne5 31. Nh6 Rg6 32. Nf5 Bf8 33. Nxd4
Bc5 34. c3 a5 35. Rf1 Kg7 36. Nf5+ Kf6 37. Nxh4 Rg8 38. Nf5 b6 39. Nd4 h6 40.
h3 Ke7 41. f4 Ng6 42. Bg4 Bxd4 43. cxd4 Kd8 44. Rf2 Re8 45. e5 Ne7 46. d6 cxd6
47. exd6 Nc6 48. Rc2 Na7 49. Rc7 1-0

[Event "20th NATO Chess Ch"]
[Site "Hammelburg"]
[Date "2009.06.16"]
[Round "2.47"]
[White "Parisse, Denis"]
[Black "Emmins, Karl"]
[Result "1/2-1/2"]
[WhiteElo "1960"]
[BlackElo "1616"]
[PlyCount "114"]
[EventDate "2009.06.??"]
[EventType "swiss"]
[EventRounds "7"]
[EventCountry "GER"]
[SourceDate "2000.01.03"]

1. e4 c5 2. f4 e6 3. Nf3 Nc6 4. Be2 d5 5. d3 Nge7 6. O-O Ng6 7. c3 Be7 8. Na3
O-O 9. Nc2 Qc7 10. g3 b6 11. Ne3 dxe4 12. dxe4 Bb7 13. Qc2 Rad8 14. Bd2 Rd7 15.
Rad1 Qc8 16. Bc1 Rxd1 17. Nxd1 a6 18. Nf2 Bd8 19. Rd1 Be7 20. Be3 Bd8 21. Qd3
Bc7 22. Qd7 Rd8 23. Qxc8 Bxc8 24. Rxd8+ Bxd8 25. Nd2 Nge7 26. Nc4 Bc7 27. Nd3
Bb7 28. Kf2 a5 29. a3 Nc8 30. e5 Ba6 31. Nd2 Bb7 32. Ne4 Nxe5 33. Nexc5 Nxd3+
34. Nxd3 Ba6 35. Ne5 Bxe2 36. Kxe2 f6 37. Nf3 Kf7 38. Kd3 Nd6 39. a4 Ke7 40.
Nd2 h6 41. Nc4 g5 42. fxg5 hxg5 43. Nxb6 g4 44. Nc4 e5 45. Nxd6 Kxd6 46. Kc4
Kc6 47. b4 f5 48. b5+ Kb7 49. Kd5 f4 50. gxf4 exf4 51. Bf2 g3 52. hxg3 fxg3 53.
Be3 Bb6 54. Ke4 g2 55. Kf3 Bxe3 56. Kxg2 Kb6 57. Kf3 Bc5 1/2-1/2

[Event "20th NATO Chess Ch"]
[Site "?"]
[Date "2009.06.16"]
[Round "3.2"]
[White "Indbryn, Tommy"]
[Black "Wantiez, Fabrice"]
[Result "1/2-1/2"]
[WhiteElo "2158"]
[BlackElo "2339"]
[PlyCount "80"]
[SourceDate "2000.01.03"]

1. c4 Nf6 2. Nc3 d5 3. cxd5 Nxd5 4. e4 Nxc3 5. bxc3 g6 6. d4 Bg7 7. Bc4 c5 8.
Ne2 Nc6 9. Be3 O-O 10. O-O Qc7 11. Rc1 Rd8 12. a4 Bd7 13. Qc2 Na5 14. Bb5 c4
15. Bxd7 Qxd7 16. d5 Nb3 17. Rb1 Qxa4 18. Nc1 Rac8 19. Nxb3 cxb3 20. Rxb3 b5
21. Qb1 a6 22. Rc1 Rc4 23. Rb4 Qa3 24. Rxc4 bxc4 25. Qb4 Qxb4 26. cxb4 c3 27.
Kf1 e6 28. dxe6 fxe6 29. Ke2 Bd4 30. Bxd4 Rxd4 31. Rxc3 Rxe4+ 32. Re3 Rxb4 33.
Rxe6 a5 34. Ra6 a4 35. g3 Rb2+ 36. Kf3 Ra2 37. h4 a3 38. Kg4 Rxf2 39. Rxa3 Kg7
40. h5 gxh5+ 1/2-1/2

[Event "20th NATO Chess Ch"]
[Site "?"]
[Date "2009.06.16"]
[Round "3.3"]
[White "Garret, Pieta"]
[Black "Mestek, Igor"]
[Result "1-0"]
[WhiteElo "2326"]
[BlackElo "2158"]
[PlyCount "55"]
[SourceDate "2000.01.03"]

1. d4 d5 2. c4 dxc4 3. Nf3 a6 4. a4 Nf6 5. Nc3 Nc6 6. e4 Bg4 7. d5 Ne5 8. Bf4
Nfd7 9. Bxe5 Nxe5 10. Qd4 Nd3+ 11. Bxd3 cxd3 12. Ne5 Be2 13. a5 e6 14. Qa4+ Ke7
15. dxe6 fxe6 16. Nxe2 dxe2 17. Kxe2 Qe8 18. Rhd1 Qh5+ 19. Nf3 Qb5+ 20. Qxb5
axb5 21. Rac1 c6 22. Ne5 Ke8 23. Rd7 Rxa5 24. Rxb7 Ra2 25. Rxc6 Rxb2+ 26. Ke3
Be7 27. Rc8+ Bd8 28. Nc6 1-0

[Event "20th NATO Chess Ch"]
[Site "?"]
[Date "2009.06.16"]
[Round "3.4"]
[White "Lillevold, Frode"]
[Black "Pedersen, Finn"]
[Result "1-0"]
[WhiteElo "2154"]
[BlackElo "2287"]
[PlyCount "87"]
[SourceDate "2000.01.03"]

1. d4 d5 2. c4 c6 3. Nc3 Nf6 4. Nf3 a6 5. cxd5 cxd5 6. Bf4 Nc6 7. e3 e6 8. Bd3
b5 9. O-O Be7 10. Rc1 Bb7 11. Nxb5 Rc8 12. Nc3 Nh5 13. Bg3 Nxg3 14. hxg3 f5 15.
Na4 O-O 16. Nc5 Bxc5 17. Rxc5 Qb6 18. Qd2 e5 19. Nxe5 Nxe5 20. Rxc8 Rxc8 21.
dxe5 d4 22. Bxf5 Rf8 23. Qxd4 Qc6 24. Bh3 Qc2 25. Be6+ Kh8 26. Qb4 Rb8 27. Bd5
Qc8 28. Bxb7 Rxb7 29. Qd4 Rd7 30. Qe4 h6 31. f4 Rd2 32. e6 Rxb2 33. e7 Qe8 34.
Rd1 Rb8 35. f5 Kg8 36. Qe6+ Kh8 37. g4 a5 38. a4 Kh7 39. Qg6+ Kg8 40. Qxe8+
Rxe8 41. Rd8 Kf7 42. Rxe8 Kxe8 43. e4 Kxe7 44. e5 1-0

[Event "20th NATO Chess Ch"]
[Site "?"]
[Date "2009.06.16"]
[Round "3.5"]
[White "Razola, Garcia Joaquin"]
[Black "Sypien, Mateusz"]
[Result "0-1"]
[WhiteElo "2106"]
[BlackElo "2245"]
[PlyCount "86"]
[SourceDate "2000.01.03"]

1. e4 c5 2. d4 cxd4 3. c3 dxc3 4. Nxc3 Nc6 5. Bc4 d6 6. Nf3 e6 7. O-O Be7 8.
Qe2 Nf6 9. Rd1 e5 10. h3 O-O 11. Bg5 Be6 12. Bb5 Qb8 13. Rac1 h6 14. Bxf6 Bxf6
15. Nd5 Bxd5 16. Rxd5 Nd8 17. Rcd1 Be7 18. Ba4 Ne6 19. g3 Qc7 20. Kg2 Rac8 21.
R1d2 Qc4 22. Bd7 Qxe2 23. Rxe2 Rc1 24. Bxe6 fxe6 25. Rb5 b6 26. Ne1 Rfc8 27.
Nd3 Rd1 28. Rb3 Bf6 29. Kf3 Kf7 30. Kg2 h5 31. f3 h4 32. g4 Bg5 33. Kf2 Rc6 34.
Ne1 Bf4 35. Ng2 Rcc1 36. Nxf4 exf4 37. Ra3 a5 38. Rb3 Rf1+ 39. Kg2 Rg1+ 40. Kh2
Rh1+ 41. Kg2 Rcg1+ 42. Kf2 Rg3 43. Rxb6 Rhg1 0-1

[Event "20th NATO Chess Ch"]
[Site "?"]
[Date "2009.06.16"]
[Round "3.6"]
[White "Moen, Steinar"]
[Black "Bieluszewski, Piotr"]
[Result "0-1"]
[WhiteElo "2214"]
[BlackElo "2153"]
[PlyCount "102"]
[SourceDate "2000.01.03"]

1. Nf3 d5 2. c4 c6 3. d4 Nf6 4. Nc3 e6 5. e3 Nbd7 6. Qc2 Bd6 7. Be2 O-O 8. O-O
dxc4 9. Bxc4 e5 10. Re1 Qe7 11. h3 e4 12. Nd2 Nb6 13. Bf1 Re8 14. b3 Nbd5 15.
a3 Bd7 16. Nc4 Bc7 17. Bb2 Nxc3 18. Bxc3 Nd5 19. Bb2 Rad8 20. Rac1 Bb8 21. g3
Bc8 22. Bg2 Qe6 23. Nd2 f5 24. Nb1 Qh6 25. Nc3 Nxc3 26. Qxc3 Be6 27. h4 Bd5 28.
b4 a6 29. a4 Bd6 30. Bf1 Re6 31. Bg2 g5 32. hxg5 Qxg5 33. Kf1 Qe7 34. Ba3 a5
35. Rb1 Rh6 36. Ke2 b5 37. axb5 cxb5 38. Rh1 Rxh1 39. Bxh1 Bc4+ 40. Ke1 Qf8 41.
Bg2 Rc8 42. Qd2 Bd3 43. Qa2+ Qf7 44. Qxf7+ Kxf7 45. Rb3 a4 46. Rxd3 exd3 47.
Kd2 Rc2+ 48. Kxd3 Rxf2 49. Bc6 Bxg3 50. Bxb5 h5 51. Bxa4 Bd6 0-1

[Event "20th NATO Chess Ch"]
[Site "?"]
[Date "2009.06.16"]
[Round "3.7"]
[White "Krainski, Jaroslaw"]
[Black "Schott, Guido"]
[Result "1/2-1/2"]
[WhiteElo "2072"]
[BlackElo "2196"]
[PlyCount "66"]
[SourceDate "2000.01.03"]

1. e4 e5 2. Bc4 Nf6 3. d3 c6 4. Nf3 d5 5. Bb3 a5 6. c3 Bd6 7. Qe2 a4 8. Bc2 O-O
9. h3 Nbd7 10. Nbd2 Re8 11. Nf1 Nc5 12. Ng3 b5 13. O-O Ba6 14. b4 axb3 15. axb3
Ne6 16. Nh2 b4 17. c4 Nd4 18. Qd2 Qb6 19. Bb2 Bb7 20. Rxa8 Rxa8 21. Ra1 Rxa1+
22. Bxa1 dxe4 23. dxe4 c5 24. Ng4 Nxg4 25. hxg4 g6 26. Bxd4 cxd4 27. Qg5 Bc7
28. Bd3 f6 29. Qh6 Qc5 30. g5 Bd8 31. gxf6 Bxf6 32. Nh5 Qe7 33. Nxf6+ Qxf6
1/2-1/2

[Event "20th NATO Chess Ch"]
[Site "?"]
[Date "2009.06.16"]
[Round "3.8"]
[White "Drabke, Lorenz"]
[Black "Tezcan, Emre"]
[Result "1-0"]
[WhiteElo "2469"]
[BlackElo "2039"]
[PlyCount "61"]
[SourceDate "2000.01.03"]

1. e4 c5 2. Nf3 d6 3. d4 cxd4 4. Nxd4 Nf6 5. f3 Nbd7 6. c4 a6 7. Nc3 e6 8. Be3
Qc7 9. Be2 Ne5 10. Rc1 Bd7 11. O-O Be7 12. f4 Nc6 13. Nd5 exd5 14. cxd5 O-O 15.
Bf3 Rac8 16. dxc6 bxc6 17. Qd3 Qb7 18. Rc2 Rc7 19. Rfc1 Rfc8 20. Nb3 Qb5 21.
Qxb5 axb5 22. e5 Ng4 23. Bb6 Rb7 24. Bxc6 Rxb6 25. Bxd7 Rxc2 26. Rxc2 dxe5 27.
Rc8+ Bf8 28. Bxg4 exf4 29. Nc5 f5 30. Bd1 Kf7 31. Rxf8+ 1-0

[Event "20th NATO Chess Ch"]
[Site "?"]
[Date "2009.06.16"]
[Round "3.9"]
[White "De Haan, Eric"]
[Black "Kersic, Matej"]
[Result "1-0"]
[WhiteElo "2353"]
[BlackElo "2142"]
[PlyCount "51"]
[SourceDate "2000.01.03"]

1. d4 d5 2. c4 c6 3. Nf3 Nf6 4. Nc3 dxc4 5. a4 Bf5 6. e3 e6 7. Bxc4 Nbd7 8. O-O
Bb4 9. Qe2 Bg6 10. e4 O-O 11. Bd3 Bh5 12. e5 Nd5 13. Ne4 Be7 14. Ng3 Bg6 15.
Bxg6 hxg6 16. Ne4 c5 17. Nc3 Nxc3 18. bxc3 cxd4 19. cxd4 Nb6 20. Qe4 Qd5 21.
Qg4 Rfe8 22. Ba3 Nd7 23. Bxe7 Rxe7 24. Qh4 Rae8 25. Ng5 Nf8 26. Ra3 1-0

[Event "20th NATO Chess Ch"]
[Site "?"]
[Date "2009.06.16"]
[Round "3.10"]
[White "Vaznonis, Vytautas"]
[Black "Eriksson, Christian"]
[Result "1-0"]
[WhiteElo "2338"]
[BlackElo "2122"]
[PlyCount "75"]
[SourceDate "2000.01.03"]

1. d4 d5 2. c4 dxc4 3. Nf3 Nf6 4. e3 e6 5. Bxc4 c5 6. O-O a6 7. Qe2 Nc6 8. Rd1
Qc7 9. a4 Bd6 10. Nc3 O-O 11. h3 b6 12. d5 exd5 13. Bxd5 Bb7 14. e4 Rae8 15.
Be3 Bf4 16. a5 Nxa5 17. Bxf4 Qxf4 18. Bxb7 Nxb7 19. Qxa6 Qc7 20. e5 Nd7 21. Rd5
Nb8 22. Qd3 h6 23. Ra7 Qc8 24. Qb5 Re6 25. Na4 Nc6 26. Rxb7 Qxb7 27. Nxc5 Qe7
28. Nxe6 fxe6 29. Rd6 Rxf3 30. Qxc6 Rf8 31. Rxe6 Qg5 32. Re8 Rxe8 33. Qxe8+ Kh7
34. g3 Qc1+ 35. Kg2 Qxb2 36. e6 Qe5 37. e7 Qe4+ 38. Kh2 1-0

[Event "20th NATO Chess Ch"]
[Site "?"]
[Date "2009.06.16"]
[Round "3.11"]
[White "L'Henoret, Thierry"]
[Black "Helbig, Mark"]
[Result "0-1"]
[WhiteElo "2158"]
[BlackElo "2337"]
[PlyCount "84"]
[SourceDate "2000.01.03"]

1. d4 d5 2. Nf3 Nf6 3. e3 c6 4. c4 a6 5. Qc2 e6 6. Nc3 Nbd7 7. cxd5 cxd5 8. Bd3
b5 9. O-O Bb7 10. a4 b4 11. Na2 Bd6 12. Bd2 a5 13. Rac1 O-O 14. Qb1 Ne4 15. Be1
f5 16. Nd2 Qh4 17. f4 Qe7 18. Nf3 Ndf6 19. Bh4 h6 20. Bxe4 fxe4 21. Ne5 Qe8 22.
b3 Ba6 23. Rfe1 Qh5 24. Bg3 Rac8 25. Qb2 Kh7 26. Qd2 Bxe5 27. fxe5 Ng8 28. Rxc8
Rxc8 29. Rc1 Rxc1+ 30. Nxc1 Qf7 31. Qf2 Qc7 32. Qd2 Ne7 33. Bf2 g6 34. Be1 Nf5
35. Bf2 h5 36. Be1 h4 37. Bf2 Qf7 38. Qe1 g5 39. Ne2 Qc7 40. g3 Qc2 41. Nc1 h3
42. Kh1 Nh6 0-1

[Event "20th NATO Chess Ch"]
[Site "?"]
[Date "2009.06.16"]
[Round "3.12"]
[White "Kertesz, Alfred"]
[Black "Alaslar, Devrim"]
[Result "1/2-1/2"]
[WhiteElo "2270"]
[BlackElo "2135"]
[PlyCount "31"]
[SourceDate "2000.01.03"]

1. d4 f5 2. Bg5 g6 3. e3 Bg7 4. Nf3 Nf6 5. Bc4 e6 6. Nbd2 d5 7. Bb3 Nc6 8. Ne5
Ne7 9. f4 c6 10. Qf3 b6 11. O-O Ba6 12. Rfc1 Rc8 13. c4 O-O 14. cxd5 cxd5 15.
Qd1 Qd6 16. a3 1/2-1/2

[Event "20th NATO Chess Ch"]
[Site "?"]
[Date "2009.06.16"]
[Round "3.13"]
[White "Bonnelykke, Ole"]
[Black "Karbowiak, Âdam"]
[Result "1-0"]
[WhiteElo "2101"]
[BlackElo "2217"]
[PlyCount "55"]
[SourceDate "2000.01.03"]

1. e4 e6 2. d4 d5 3. Nc3 Bb4 4. e5 Ne7 5. a3 Bxc3+ 6. bxc3 c5 7. Qg4 Kf8 8. Ne2
Nbc6 9. f4 Qa5 10. Bd2 Qa4 11. dxc5 Nxe5 12. Qh3 Nc4 13. Qd3 Bd7 14. Nd4 Rc8
15. Be2 Rxc5 16. O-O Nxd2 17. Qxd2 Qa5 18. Rf3 Rc7 19. g4 Qc5 20. Kh1 Nc6 21.
f5 exf5 22. gxf5 f6 23. Rg1 Rg8 24. h3 Qe7 25. Bd3 Nxd4 26. cxd4 g5 27. Re1 Qf7
28. Qb4+ 1-0

[Event "20th NATO Chess Ch"]
[Site "?"]
[Date "2009.06.16"]
[Round "3.16"]
[White "Sirch, Franz"]
[Black "Adkins, James"]
[Result "1-0"]
[WhiteElo "2172"]
[BlackElo "2015"]
[PlyCount "35"]
[SourceDate "2000.01.03"]

1. e4 c5 2. c3 d6 3. d4 cxd4 4. cxd4 Nf6 5. Nc3 g6 6. h3 Bg7 7. Nf3 O-O 8. Be3
a6 9. Bd3 Nc6 10. O-O e5 11. Rc1 h6 12. a3 Nd7 13. Bb1 f5 14. exf5 gxf5 15.
dxe5 dxe5 16. Qb3+ Kh8 17. Rfd1 f4 18. Qc2 1-0